Vybrané didaktické aspekty podpory podnikavosti vo vzdelávaní
Podnikavosť bola zaradená do referenčného rámca ôsmich najdôležitejších schopností celoživotného vzdelávania, ktoré je nutné na sociálne začlenenie a zamestnateľnosť jednotlivcov. Výchova k podnikavosti bola zaradená do vzdelávacích systémov stredoškolského a vysokoškolského štúdia.
Uložené v:
| Hlavný autor: | |
|---|---|
| Médium: | Kapitola |
| Jazyk: | Slovak |
| Predmet: | |
| Tagy: |
Žiadne tagy, Buďte prvý, kto otaguje tento záznam!
|
MARC
| LEADER | 00000nla a2200000 4500 | ||
|---|---|---|---|
| 001 | 0179023 | ||
| 005 | 20240502073036.5 | ||
| 041 | 0 | |a slo | |
| 044 | |a SK | ||
| 245 | 1 | 0 | |a Vybrané didaktické aspekty podpory podnikavosti vo vzdelávaní |c Ľudmila Velichová |
| 520 | |a Podnikavosť bola zaradená do referenčného rámca ôsmich najdôležitejších schopností celoživotného vzdelávania, ktoré je nutné na sociálne začlenenie a zamestnateľnosť jednotlivcov. Výchova k podnikavosti bola zaradená do vzdelávacích systémov stredoškolského a vysokoškolského štúdia. | ||
| 610 | 2 | 0 | |a školstvo |
| 610 | 2 | 0 | |a školy |
| 610 | 2 | 0 | |a sústava výchovno-vzdelávacia |
| 610 | 2 | 0 | |a metódy |
| 610 | 2 | 0 | |a pedagogika |
| 610 | 2 | 0 | |a didaktika |
| 610 | 2 | 0 | |a vzdelávanie |
| 610 | 2 | 0 | |a podnikanie |
| 100 | 1 | |a Velichová, Ľudmila | |